[Event "Cambridge op 2nd"]
[Site "Cambridge"]
[Date "2024.02.20"]
[Round "3"]
[White "Bowers, Francis J"]
[Black "Bay Petersen, Ole"]
[Result "0-1"]
[WhiteElo "1732"]
[BlackElo "1672"]
[PlyCount "142"]
[EventDate "2024.02.19"]
[EventType "swiss"]
[EventRounds "9"]
[EventCountry "ENG"]
[SourceTitle "CB09_2024"]
[SourceDate "2024.02.28"]
[SourceVersion "1"]
[SourceVersionDate "2024.02.28"]
[SourceQuality "1"]

1. e4 d5 2. exd5 Qxd5 3. Nc3 Qa5 4. Nf3 Nf6 5. Be2 Bf5 6. 0-0 Nbd7 7. a3 e6 8. d3 c6 9. Nd4 Bg6 10. Bf4 Be7 11. Qd2 e5 12. Nb3 Qc7 13. Bg3 h5 14. f3 h4 15. Bf2 Nh5 16. Rfe1 0-0-0 17. Qe3 b6 18. a4 Nf4 19. a5 Bg5 20. axb6 Nxb6 21. Qc5 Be7 22. Qa5 Kb8 23. Na4 Rd5 24. Bxb6 axb6 25. Qxb6+ Qb7 26. Na5 Qxb6+ 27. Nxb6 Bc5+ 28. Kf1 Bxb6 29. Nxc6+ Kc7 30. Nb4 Rb5 31. c3 Ra5 32. Na6+ Kb7 33. Rxa5 Bxa5 34. Nc5+ Kc6 35. b4 Bb6 36. d4 exd4 37. cxd4 Bxc5 38. Rc1 Nxe2 39. Rxc5+ Kd6 40. Kxe2 Rb8 41. b5 f6 42. Ke3 Be8 43. Kf4 Rxb5 44. Kg4 Rxc5 45. dxc5+ Kxc5 46. Kxh4 Kd4 47. f4 Ke4 48. g3 g6 49. Kh3 Kf3 50. Kh4 Bd7 51. h3 Be6 52. f5 g5+ 53. Kh5 Bxf5 54. g4 Bxg4+ 55. hxg4 Kf4 56. Kg6 Kxg4 57. Kxf6 Kf4 58. Ke6 g4 59. Kd5 Kf3 60. Kd4 g3 61. Kd5 g2 62. Ke5 g1Q 63. Kd5 Qe3 64. Kc6 Qd4 65. Kb5 Qd5+ 66. Kb6 Qc4 67. Kb7 Ke4 68. Kb6 Kd5 69. Ka5 Qb3 70. Ka6 Kc6 71. Ka7 Qb7# 0-1

[Event "Cambridge op"]
[Site "Cambridge"]
[Date "2023.02.19"]
[Round "9"]
[White "Bowers, Francis J"]
[Black "Dasgupta, Avyukt"]
[Result "1/2-1/2"]
[WhiteElo "1855"]
[BlackElo "1888"]
[PlyCount "33"]
[EventDate "2023.02.15"]
[EventType "swiss"]
[EventRounds "9"]
[EventCountry "ENG"]
[SourceTitle "CBM 212 Extra"]
[Source "ChessBase"]
[SourceDate "2023.03.31"]
[SourceVersion "1"]
[SourceVersionDate "2023.03.31"]
[SourceQuality "1"]

1. e4 e6 2. d4 d5 3. Nc3 dxe4 4. Nxe4 Bd7 5. Nf3 Bc6 6. Bd3 Nd7 7. 0-0 Ngf6 8. Re1 Be7 9. c3 0-0 10. Qc2 Nxe4 11. Bxe4 Bxe4 12. Qxe4 c6 13. Ne5 Bf6 14. Bf4 Nb6 15. Ng4 Qd5 16. Qe3 Qf5 17. Qg3 1/2-1/2

[Event "Cambridge op"]
[Site "Cambridge"]
[Date "2023.02.16"]
[Round "3"]
[White "Bowers, Francis J"]
[Black "Itgelt, Khuyagtsogt"]
[Result "0-1"]
[WhiteElo "1855"]
[BlackElo "2158"]
[PlyCount "152"]
[EventDate "2023.02.15"]
[EventType "swiss"]
[EventRounds "9"]
[EventCountry "ENG"]
[SourceTitle "CBM 212 Extra"]
[Source "ChessBase"]
[SourceDate "2023.03.31"]
[SourceVersion "1"]
[SourceVersionDate "2023.03.31"]
[SourceQuality "1"]

1. e4 e6 2. d4 d5 3. Nc3 Bb4 4. Qg4 Nf6 5. Qxg7 Rg8 6. Qh6 dxe4 7. Nge2 Nbd7 8. Qe3 Nb6 9. Ng3 Nbd5 10. Qd2 h5 11. a3 Bxc3 12. bxc3 h4 13. Ne2 Ng4 14. Nf4 Qd6 15. Nxd5 exd5 16. Qf4 Qc6 17. Qd2 Bf5 18. h3 Nf6 19. a4 0-0-0 20. Qe3 Bd7 21. Bb5 Qe6 22. Bf1 Rg6 23. a5 a6 24. Rb1 Nh5 25. c4 dxc4 26. Qe2 Ng7 27. Qxc4 Qxc4 28. Bxc4 Be6 29. Rb4 Rxd4 30. Bxe6+ Nxe6 31. c3 Rxb4 32. cxb4 Rxg2 33. Kf1 Rg8 34. Ke2 f5 35. Ke3 Rd8 36. Ke2 Rd3 37. f4 Nd4+ 38. Kf2 Rf3+ 39. Kg2 Ne2 40. Bd2 Nxf4+ 41. Bxf4 Rxf4 42. Re1 Rf3 43. Rb1 c6 44. Rb2 Kd7 45. Rd2+ Rd3 46. Rf2 Rg3+ 47. Kh2 Rf3 48. Rd2+ Ke6 49. Rd8 Rb3 50. Rh8 e3 51. Kg2 Rxb4 52. Re8+ Kd6 53. Rxe3 c5 54. Rd3+ Kc6 55. Rf3 Kb5 56. Rxf5 Kxa5 57. Rxc5+ b5 58. Rh5 Rf4 59. Kg1 Ka4 60. Rh8 b4 61. Re8 b3 62. Re1 b2 63. Kg2 Rb4 64. Rb1 Ka3 65. Kf3 Ka2 66. Re1 b1Q 67. Rxb1 Kxb1 68. Kf2 a5 69. Kg2 Rf4 70. Kg1 a4 71. Kg2 a3 72. Kg1 a2 73. Kg2 a1Q 74. Kh2 Qg7 75. Kh1 Rf1+ 76. Kh2 Qg1# 0-1

[Event "Cambridge op"]
[Site "Cambridge"]
[Date "2023.02.16"]
[Round "4"]
[White "Catabay, Rezin C"]
[Black "Bowers, Francis J"]
[Result "0-1"]
[WhiteElo "1597"]
[BlackElo "1855"]
[PlyCount "100"]
[EventDate "2023.02.15"]
[EventType "swiss"]
[EventRounds "9"]
[EventCountry "ENG"]
[SourceTitle "CBM 212 Extra"]
[Source "ChessBase"]
[SourceDate "2023.03.31"]
[SourceVersion "1"]
[SourceVersionDate "2023.03.31"]
[SourceQuality "1"]

1. e4 e5 2. Nf3 d6 3. Bc4 Nc6 4. 0-0 g6 5. Nc3 Bg7 6. d3 Na5 7. Bb3 Nxb3 8. axb3 f5 9. exf5 Bxf5 10. Re1 Nf6 11. Ne4 0-0 12. Ng3 Qd7 13. h3 Nd5 14. Ne4 a6 15. c3 h6 16. d4 Rae8 17. dxe5 dxe5 18. Nc5 Qc6 19. b4 Kh7 20. g4 Bc8 21. Ne4 Nf4 22. Bxf4 Rxf4 23. Qd3 Ref8 24. Re3 Be6 25. Nh4 Bc4 26. Qc2 Bd5 27. f3 Qb6 28. Rae1 Bxe4 29. fxe4 h5 30. Ng2 Rf3 31. Kh2 hxg4 32. hxg4 Qe6 33. Rxf3 Rxf3 34. Ne3 Bh6 35. Ng2 Qxg4 36. Rh1 Qg3+ 37. Kg1 Kg7 38. Rxh6 Kxh6 39. Qd2+ g5 40. Qd7 Qf2+ 41. Kh2 Rf7 42. Qe6+ Qf6 43. Qh3+ Kg6 44. Qg4 Rh7+ 45. Kg1 Qb6+ 46. Kf1 Rf7+ 47. Ke1 Qf2+ 48. Kd1 Qf1+ 49. Kc2 Rf2+ 50. Kb3 Rxg2 0-1

[Event "Nottingham 4NCL Major op"]
[Site "Nottingham"]
[Date "2018.09.28"]
[Round "1"]
[White "Sheikh, Nasarullah"]
[Black "Bowers, Francis J"]
[Result "1/2-1/2"]
[WhiteElo "1701"]
[BlackElo "1864"]
[PlyCount "36"]
[EventDate "2018.09.28"]
[EventType "swiss"]
[EventRounds "5"]
[EventCountry "ENG"]
[SourceTitle "CBM 187 Extra"]
[Source "ChessBase"]
[SourceDate "2018.11.04"]
[SourceVersion "1"]
[SourceVersionDate "2018.11.04"]
[SourceQuality "1"]

1. e4 e5 2. Nf3 d6 3. d4 exd4 4. Nxd4 g6 5. Nc3 Bg7 6. Be3 Nf6 7. Qd2 0-0 8. f3 Re8 9. 0-0-0 Nc6 10. g4 Nxd4 11. Bxd4 Be6 12. h4 c5 13. Be3 Qa5 14. Bh6 Bh8 15. h5 Bxa2 16. hxg6 fxg6 17. Nb5 Qa4 18. Nc3 Qa5 1/2-1/2